000 00617nam a2200253Ia 4500
005 20260121154814.0
008 008 260114s9999 xx 000 0 eng d
020 _a9780429292798
037 _aEBOOK
040 _aCRL
040 _beng
040 _cCRL
041 _2eng
041 _aeng
084 _qCRL
100 _a Bahram Nekouie Sadry
_91011711
245 4 _aThe Geotourism Industry in the 21st Century
260 _bTaylor and Francis
260 _c2021
856 _uhttp://www.taylorfrancis.com/books/9780429292798
942 _cEBOOK
999 _c1578530
_d1578530